000 00994cam a2200289Ma 4500
005 20170712071714.0
008 161101s1994 enk fr 001 0 eng d
010 _a94007716
020 _a0198206992
020 _a9780198206996
035 _a(OCoLC)318172807
040 _aCO-BoUCM
_bspa
_cSandra Palacio
_dSandra Palacio
041 4 _aeng
100 1 _aBest, Geoffrey
_981497
245 1 0 _aWar and law since 1945
_cGeoffrey Best
260 _aOxford (Inglaterra)
_bClarendon Press
_c1994
300 _axiv, 434 páginas
504 _aIncluye referencias bibliográficas e índices
648 7 _aGeschichte 1945-1990
_981498
650 1 7 _aGuerra (Derecho internacional)
_xHistoria
_916575
650 2 7 _aHistoria militar moderna
_ySiglo XX
_985805
650 2 7 _aGuerra
_xAspectos morales y éticos
_981499
690 _aCiencia militar
_910776
690 _aDerecho internacional
_912776
942 _2DEWEY
_cLIBRO
_a8
_e1
_h341.6
_mB561wl
999 _c304578
_d304578